000 00691nam a2200289Ia 4500
005 20260324150116.0
008 008 260324s9999 xx 000 0 eng d
020 _a9781315129747
037 _aEBOOK
040 _aCRL
040 _beng
040 _cCRL
041 _2eng
041 _aeng
084 _qCRL
100 _aPaul G. Swingle
_91102953
245 0 _aSocial Psychology in Natural Settings
245 2 _bA Reader in Field Experimentation
260 _bTaylor and Francis
260 _c1973
365 _a
365 _b230
856 _uhttp://www.taylorfrancis.com/books/9781315129747
942 _cEBOOK
999 _c1834186
_d1834186